000 00436nam a2200145 a 4500
001 000039260
005 20201002031552.0
008 130619s1980 dr 000 0 spa d
040 _aDO-SdBNP
_bspa
_cBNPHU
100 1 _aHoxha, Enver
_965461
245 1 0 _aEl imperialismo y la revolucion /
_cEnver Hoxha.
260 _aSanto Domingo :
_bAlfa y Omega,
_c1980.
300 _a485 p. ;
_c21 cm.
500 _aIncluye notas al pie de las páginas
999 _c38750
_d38750